| 000 | 00641nam a2200217Ii 4500 | ||
|---|---|---|---|
| 003 | JO-AjNU | ||
| 008 | 230606s9999||||xx |||||||||||||| ||und|| | ||
| 020 | _a10:0-13-035911-4 / 13:978-0-13-035911-7 | ||
| 040 |
_aJO-AjNU _beng _erda _cJO-AjNU |
||
| 041 | _aeng | ||
| 050 | 1 | 4 | _aBF121.C35.2004 |
| 100 | 3 |
_aCarlson,Neil R , Martin,G.Neil , Buskist,William, _eauthor _91447 |
|
| 245 | 0 | 0 | _aPsychology |
| 250 | _aSecond Edition | ||
| 264 | 3 | 1 | _aNew Delhi:Pearson Education ,2004 |
| 300 | _a912p | ||
| 336 |
_atext _btxt _2rdacontent |
||
| 337 |
_aunmediated _bn _2rdamedia |
||
| 338 |
_avolume _bnc _2rdacarrier |
||
| 650 | 4 |
_aPsychology _91448 |
|
| 999 |
_aE763 _c763 _d763 |
||